Central Library OPAC University of Rajshahi

Alternating-current circuits / (Record no. 13101)

MARC details
000 -LEADER
fixed length control field 00860cam a22002891 4500
001 - CONTROL NUMBER
control field 13101
003 - CONTROL NUMBER IDENTIFIER
rucl marc code BD-RjUL
005 - DATE AND TIME OF LATEST TRANSACTION
control field 20211208235415.0
008 - FIXED-LENGTH DATA ELEMENTS--GENERAL INFORMATION
fixed length control field 140130s19511940paua 001 0 eng
035 ## - SYSTEM CONTROL NUMBER
System control number (BD-RjUL)13151
System control number (OCoLC)883733
040 ## - CATALOGING SOURCE
Original cataloging agency DLC
Transcribing agency PPD
Modifying agency OCoLC
-- DLC
Language of cataloging eng
041 ## - LANGUAGE CODE
Language code of text/sound track or separate title eng
082 ## - DEWEY DECIMAL CLASSIFICATION NUMBER
Classification number 621.31332
Author mark and year TAA 1951
100 1# - MAIN ENTRY--PERSONAL NAME
Personal name Tang, K. Y.
Fuller form of name (Kwan Yau),
Dates associated with a name 1900-
9 (RLIN) 40813
245 10 - TITLE STATEMENT
Title Alternating-current circuits /
Statement of responsibility, etc. K. Y. Tang
250 ## - EDITION STATEMENT
Edition statement 2d ed.
260 ## - PUBLICATION, DISTRIBUTION, ETC. (IMPRINT)
Place of publication, distribution, etc. Scranton :
Name of publisher, distributor, etc. International Textbook Co,
Date of publication, distribution, etc. 1951
300 ## - PHYSICAL DESCRIPTION
Pagination xiii, 603 p. :
Illustrations diagrs. ;
Size 24 cm.
490 0# - SERIES STATEMENT
Series statement International textbooks in electrical engineering
504 ## - BIBLIOGRAPHY, ETC. NOTE
Bibliography, etc Includes index
650 #0 - SUBJECT ADDED ENTRY--TOPICAL TERM
Topical term or geographic name as entry element Electric currents, Alternating.
9 (RLIN) 27773
Topical term or geographic name as entry element Electric circuits.
9 (RLIN) 40814
942 ## - ADDED ENTRY ELEMENTS (KOHA)
Source of classification or shelving scheme Dewey Decimal Classification
Koha item type Books
Holdings
Lost status Source of classification or shelving scheme Damaged status Not for loan Collection code Permanent Location Current Location Shelving location Date acquired Source of acquisition Cost, normal purchase price Total Checkouts Full call number Date last seen Copy number Koha item type
  Dewey Decimal Classification   Not For Loan Non-fiction Central Library, University of Rajshahi Central Library, University of Rajshahi Reading Room 06/01/1962 Asia foundation 0.00   621.31332 TAA 1951 30/01/2014 C-1 Books